|
|
|
|
| LEADER |
01698nam a2200385 i 4500 |
| 001 |
EBC5674932 |
| 003 |
MiAaPQ |
| 005 |
20200520144314.0 |
| 006 |
m o d | |
| 007 |
cr cnu|||||||| |
| 008 |
190222s2019 gw o 000 0 ger d |
| 020 |
|
|
|z 9783110598360
|
| 020 |
|
|
|a 9783110600629 (e-book)
|
| 035 |
|
|
|a (MiAaPQ)EBC5674932
|
| 035 |
|
|
|a (Au-PeEL)EBL5674932
|
| 035 |
|
|
|a (OCoLC)1083629719
|
| 040 |
|
|
|a MiAaPQ
|b eng
|e rda
|e pn
|c MiAaPQ
|d MiAaPQ
|
| 050 |
|
4 |
|a PA6507
|b .B386 2019
|
| 082 |
0 |
|
|a 878.0102
|2 23
|
| 100 |
1 |
|
|a Baumann, Helge,
|e author.
|
| 245 |
1 |
4 |
|a Das epos im blick :
|b intertextualitat und rollenkonstruktionen in martials epigrammen und statius silvae /
|c Helge Baumann.
|
| 264 |
|
1 |
|a Berlin ;
|a Boston :
|b De Gruyter,
|c 2019.
|
| 300 |
|
|
|a 1 online resource (270 pages).
|
| 336 |
|
|
|a text
|b txt
|2 rdacontent
|
| 337 |
|
|
|a computer
|b c
|2 rdamedia
|
| 338 |
|
|
|a online resource
|b cr
|2 rdacarrier
|
| 490 |
1 |
|
|a Millennium-studien, millennium studies ;
|v 73
|
| 588 |
|
|
|a Description based on print version record.
|
| 590 |
|
|
|a Electronic reproduction. Ann Arbor, MI : ProQuest, 2018. Available via World Wide Web. Access may be limited to ProQuest affiliated libraries.
|
| 600 |
0 |
0 |
|a Martial.
|t Epigrammata.
|
| 655 |
|
4 |
|a Electronic books.
|
| 776 |
0 |
8 |
|i Print version:
|a Baumann, Helge.
|t Epos im blick : intertextualitat und rollenkonstruktionen in martials epigrammen und statius' silvae.
|d Berlin ; Boston : De Gruyter, 2019
|h 270 pages
|k Millennium-Studien ; 73.
|z 9783110598360
|w (DLC) 2018964341
|
| 797 |
2 |
|
|a ProQuest (Firm)
|
| 830 |
|
0 |
|a Millennium-Studien ;
|v 73.
|
| 856 |
4 |
0 |
|u https://ebookcentral.proquest.com/lib/matrademy/detail.action?docID=5674932
|z Click to View
|